000 00524nam a2200133Ia 4500
008 220216s9999 xx 000 0 und d
100 _aSamarappuli L
245 0 _aAspects of moisture and soil conservation in rubber plantations
260 _bProceedings of the International Rubber Conference, Colombo, 1984, V1. Part 1; p19-46Proceedings of the International Rubber Conference, Colombo, 1984, V1. Part 2; p529-543
650 _aRubber plantations
650 _aSoil conservation
700 _aYogaratnam N
942 _cJS
999 _c54509
_d54509